| 000 | 01506cab a22002895a 4500 | ||
|---|---|---|---|
| 001 | L142629 | ||
| 008 | 080226s2007 xxk f 000 0 eng d | ||
| 035 | _a(Sirsi) u142629 | ||
| 041 | 0 | _aeng | |
| 100 | 1 | _aJones, Neil F. | |
| 245 | 0 | 4 | _aThe independence and impartiality of contract administrators under various standard forms of construction contract |
| 260 | _c2007 | ||
| 490 | 0 |
_aConstruction Law Journal _v23(7) 2007, 475-503(29) |
|
| 520 | _aWith a wide range of standard forms of building contract now available, this article examines the status of the opinions and decisions of contract administrators and if the employer has a right of challenge if unhappy with the result. Considers recent case law on the subject and reviews the relevant standard forms of construction contract. | ||
| 590 | _aKA | ||
| 650 | 2 | 4 | _aCOSTAIN LTD AND OTHERS V BECHTEL LTD |
| 650 | 2 | 4 | _aSCHELDEBOUW BV V ST JAMES HOMES (GROSVENOR DOCK) LTD |
| 650 | 2 | 4 | _aNEC ENGINEERING AND CONSTRUCTION CONTRACT (THIRD EDITION) |
| 650 | 2 | 4 | _aICE CONDITIONS OF CONTRACT MEASUREMENT VERSION 7TH ED |
| 650 | 2 | 4 | _aICE DESIGN AND CONSTRUCT CONDITIONS OF CONTRACT (2001 EDITION) |
| 650 | 2 | 4 | _aJCT STANDARD BUILDING CONTRACT WITH QUANTITIES (2005 EDITION) |
| 650 | 2 | 4 | _aJCT DESIGN AND BUILD CONTRACT (2005 EDITION) |
| 650 | 2 | 4 | _aJCT MAJOR PROJECT CONSTRUCTION CONTRACT (2005 EDITION) |
| 690 | _aBUILT ENVIRONMENT-CONSTRUCTION MANAGEMENT-BUILDING CONTRACT ADMINISTRATION | ||
| 700 | 1 | _aO'Carroll, Chris | |
| 942 | _n0 | ||
| 999 |
_c79878 _d79878 |
||